The Perception of China in Slovakia

Prehľad vnímania Číny na Slovensku. Definovanie vzťahov medzi oboma krajinami, nevyužité príležitosti na posilnenie vzájomných hospodárskych vzťahov v rámci platformy spolupráce 16+1 a zmeny v diplomacii v rámci samitov a rokovaní. Prieskum s cieľom zistiť vnímanie Číny slovenskou verejnosťou, so zá...

ver descrição completa

Na minha lista:
Detalhes bibliográficos
Autor principal: Ondriaš, Juraj, 1988-
Outros Autores: Škvrnda, František, ml., 1987-
Formato: Capítulo de Livro
Idioma:inglês
Assuntos:
Tags: Adicionar Tag
Sem tags, seja o primeiro a adicionar uma tag!

MARC

LEADER 00000naa a2200000 4500
001 0281761
005 20240502083906.7
041 0 |a eng 
044 |a MD 
245 1 0 |a The Perception of China in Slovakia  |c Juraj Ondriaš, František Škvrnda ml. 
520 |a Prehľad vnímania Číny na Slovensku. Definovanie vzťahov medzi oboma krajinami, nevyužité príležitosti na posilnenie vzájomných hospodárskych vzťahov v rámci platformy spolupráce 16+1 a zmeny v diplomacii v rámci samitov a rokovaní. Prieskum s cieľom zistiť vnímanie Číny slovenskou verejnosťou, so záverom, že toto vnímanie je viazané na stav hospodárskych vzťahov a nezlepší sa, kým sa najskôr výrazne nezlepší obchodná a investičná spolupráca. 
610 2 0 |a Čína 
610 2 0 |a Slovensko 
610 2 0 |a mienka verejná 
610 2 0 |a vzťahy medzinárodné 
610 2 0 |a vzťahy hospodárske medzinárodné 
610 2 0 |a spolupráca hospodárska medzinárodná 
610 2 0 |a kooperácia hospodárska medzinárodná 
610 2 0 |a moc politická 
610 2 0 |a SVE 
610 2 0 |a Európska únia 
100 1 |a Ondriaš, Juraj, 1988- 
700 1 |a Škvrnda, František, ml., 1987-